[Event "Bydgoszcz blind op 43rd"]
[Site "Bydgoszcz"]
[Date "2014.03.23"]
[Round "11.5"]
[White "Jelen, Janusz"]
[Black "Mackowiak, Marek"]
[Result "0-1"]
[WhiteElo "1882"]
[BlackElo "2174"]
[PlyCount "40"]
[EventDate "2014.03.13"]
[EventType "swiss"]
[EventRounds "11"]
[EventCountry "POL"]
[SourceTitle "EXT 2023"]
[Source "ChessBase"]
[SourceDate "2022.10.05"]
[SourceVersion "1"]
[SourceVersionDate "2022.10.05"]
[SourceQuality "1"]

1. d4 d5 2. c4 c6 3. Nc3 Nf6 4. f3 e6 5. e4 dxe4 6. fxe4 Bb4 7. Qd3 c5 8. d5 exd5 9. exd5 0-0 10. Nf3 Re8+ 11. Be2 Qe7 12. Bg5 h6 13. Bxf6 Qxf6 14. 0-0 Bg4 15. Rac1 Nd7 16. h3 Bh5 17. a3 Ba5 18. Ne4 Qe7 19. Ng3 Bg6 20. Qd1 Bc7 0-1

[Event "Bydgoszcz blind op 43rd"]
[Site "Bydgoszcz"]
[Date "2014.03.22"]
[Round "10.7"]
[White "Lipski, Tadeusz"]
[Black "Jelen, Janusz"]
[Result "1/2-1/2"]
[WhiteElo "1999"]
[BlackElo "1882"]
[PlyCount "81"]
[EventDate "2014.03.13"]
[EventType "swiss"]
[EventRounds "11"]
[EventCountry "POL"]
[SourceTitle "EXT 2023"]
[Source "ChessBase"]
[SourceDate "2022.10.05"]
[SourceVersion "1"]
[SourceVersionDate "2022.10.05"]
[SourceQuality "1"]

1. f4 e5 2. e4 exf4 3. Qf3 Nc6 4. Qxf4 Qf6 5. Qe3 Qd4 6. d3 Bc5 7. Qe2 Qf6 8. c3 d6 9. Be3 Bxe3 10. Qxe3 Nh6 11. Nf3 Ng4 12. Qd2 Nge5 13. Be2 Bg4 14. 0-0 Nxf3+ 15. Bxf3 Bxf3 16. Rxf3 Qe7 17. Qf2 0-0 18. Nd2 Ne5 19. Rg3 Qe6 20. d4 Ng6 21. Rf3 c6 22. a3 d5 23. Re1 Rfe8 24. Rfe3 Qd7 25. exd5 Rxe3 26. Qxe3 Qxd5 27. Ne4 Rd8 28. g3 b6 29. Re2 h6 30. Nd2 Nf8 31. Nf3 Ne6 32. h4 Re8 33. Qd3 Qd6 34. Kh2 Rd8 35. Rd2 Nc5 36. Qf5 Nd7 37. Kh3 g6 38. Qe4 Kg7 39. Re2 Nf6 40. Qe7 Qd5 41. Qe3 1/2-1/2

[Event "Bydgoszcz blind op 43rd"]
[Site "Bydgoszcz"]
[Date "2014.03.18"]
[Round "6.12"]
[White "Kaciotys, Mieczyslaw"]
[Black "Jelen, Janusz"]
[Result "1/2-1/2"]
[WhiteElo "1784"]
[BlackElo "1882"]
[PlyCount "64"]
[EventDate "2014.03.13"]
[EventType "swiss"]
[EventRounds "11"]
[EventCountry "POL"]
[SourceTitle "EXT 2023"]
[Source "ChessBase"]
[SourceDate "2022.10.05"]
[SourceVersion "1"]
[SourceVersionDate "2022.10.05"]
[SourceQuality "1"]

1. e4 e5 2. Nf3 d6 3. Bc4 Be7 4. Nc3 c6 5. d3 Nf6 6. Be3 0-0 7. 0-0 Bg4 8. h3 Bh5 9. d4 exd4 10. Bxd4 Nbd7 11. Be2 Bg6 12. Nd2 b5 13. a3 a5 14. f3 Nh5 15. b4 Ng3 16. Rf2 f5 17. Kh2 f4 18. Nf1 c5 19. bxc5 dxc5 20. Bxg7 Nxf1+ 21. Bxf1 Kxg7 22. Rd2 Ra7 23. Bxb5 Bf6 24. Na4 Bxa1 25. Qxa1+ Qf6 26. Rxd7+ Rxd7 27. Qxf6+ Kxf6 28. Bxd7 Ke7 29. Bb5 Kd6 30. c4 Rb8 31. Nc3 Ke5 32. Nd5 Bf7 1/2-1/2

[Event "POL-chT blind Gp B"]
[Site "Mielno"]
[Date "2013.12.10"]
[Round "5.6"]
[White "Jelen, Janusz"]
[Black "Salamon, Jan"]
[Result "1-0"]
[WhiteElo "1897"]
[BlackElo "1775"]
[PlyCount "27"]
[EventDate "2013.12.06"]
[EventType "team-tourn"]
[EventRounds "10"]
[EventCountry "POL"]
[SourceTitle "EXT 2019"]
[Source "ChessBase"]
[SourceDate "2018.10.10"]
[SourceVersion "1"]
[SourceVersionDate "2018.10.10"]
[SourceQuality "1"]

1. d4 Nf6 2. c4 c6 3. Nc3 d5 4. a4 e6 5. f3 Nbd7 6. e4 e5 7. dxe5 Nxe5 8. cxd5 cxd5 9. Bb5+ Nfd7 10. Qxd5 Qh4+ 11. g3 Qf6 12. Bf4 Bd6 13. 0-0-0 Nd3+ 14. Qxd3 1-0

[Event "POL-chT blind Gp B"]
[Site "Mielno"]
[Date "2013.12.08"]
[Round "2.1"]
[White "Jelen, Janusz"]
[Black "Suder, Ryszard"]
[Result "1/2-1/2"]
[WhiteElo "1897"]
[BlackElo "2129"]
[PlyCount "36"]
[EventDate "2013.12.06"]
[EventType "team-tourn"]
[EventRounds "10"]
[EventCountry "POL"]
[SourceTitle "EXT 2019"]
[Source "ChessBase"]
[SourceDate "2018.10.10"]
[SourceVersion "1"]
[SourceVersionDate "2018.10.10"]
[SourceQuality "1"]

1. d4 Nf6 2. c4 g6 3. Nc3 d5 4. f3 Bg7 5. e4 dxe4 6. fxe4 e5 7. d5 0-0 8. Nf3 c6 9. Bd3 b5 10. 0-0 b4 11. Ne2 Qb6+ 12. Kh1 Ng4 13. Qe1 Ne3 14. Rf2 Ng4 15. Rf1 Ne3 16. Rf2 Ng4 17. Rf1 Ne3 18. Rf2 Ng4 1/2-1/2

[Event "Ramsowo Grunwald Cup 28th"]
[Site "Ramsowo"]
[Date "2013.09.21"]
[Round "9"]
[White "Jelen, Janusz"]
[Black "Dukaczewski, Piotr"]
[Result "0-1"]
[WhiteElo "1931"]
[BlackElo "2265"]
[PlyCount "44"]
[EventDate "2013.09.16"]
[EventType "swiss"]
[EventRounds "9"]
[EventCountry "POL"]
[SourceTitle "CBM 156 Extra"]
[Source "ChessBase"]
[SourceDate "2013.10.22"]
[SourceVersion "1"]
[SourceVersionDate "2013.10.22"]
[SourceQuality "1"]

1. c4 Nf6 2. d4 g6 3. Nf3 Bg7 4. Nc3 d5 5. h3 c6 6. e3 dxc4 7. Bxc4 Nbd7 8. Qb3 0-0 9. Ng5 e6 10. Bxe6 fxe6 11. Nxe6 Qa5 12. Nc7+ Kh8 13. Nxa8 b5 14. Bd2 Qd8 15. a4 b4 16. Qxb4 Ba6 17. Qd6 Qxa8 18. f3 Qb7 19. b4 Bd3 20. Kf2 Nb6 21. Ra2 Nbd5 22. Nxd5 Ne4+ 0-1

[Event "Ramsowo Grunwald Cup 28th"]
[Site "Ramsowo"]
[Date "2013.09.20"]
[Round "8"]
[White "Myszka, Zygmunt"]
[Black "Jelen, Janusz"]
[Result "0-1"]
[WhiteElo "1934"]
[BlackElo "1931"]
[PlyCount "70"]
[EventDate "2013.09.16"]
[EventType "swiss"]
[EventRounds "9"]
[EventCountry "POL"]
[SourceTitle "CBM 156 Extra"]
[Source "ChessBase"]
[SourceDate "2013.10.22"]
[SourceVersion "1"]
[SourceVersionDate "2013.10.22"]
[SourceQuality "1"]

1. e4 e6 2. d4 d5 3. e5 c5 4. c3 Nc6 5. f4 g6 6. Nf3 Bd7 7. Be3 b6 8. Bd3 Nh6 9. 0-0 Be7 10. Bc2 Nf5 11. Bf2 Rc8 12. g4 Ng7 13. Kg2 f6 14. Nbd2 0-0 15. Rc1 fxe5 16. fxe5 c4 17. Bb1 b5 18. Qc2 a5 19. h4 Be8 20. Rh1 h5 21. gxh5 Nxh5 22. Be3 Kg7 23. Ng5 Qd7 24. Ndf3 Bd8 25. Rcf1 Ne7 26. Qd1 Nf5 27. Bd2 Nfg3 28. Rf2 Nxh1 29. Qxh1 Bxg5 30. Nxg5 Rxf2+ 31. Kxf2 Bf7 32. Qh3 Rf8 33. Kg1 Qe8 34. Qg4 Bg8 35. Bxg6 Qxg6 0-1

[Event "Ramsowo Grunwald Cup 28th"]
[Site "Ramsowo"]
[Date "2013.09.19"]
[Round "6"]
[White "Zoltek, Tadeusz"]
[Black "Jelen, Janusz"]
[Result "1-0"]
[WhiteElo "2161"]
[BlackElo "1931"]
[PlyCount "83"]
[EventDate "2013.09.16"]
[EventType "swiss"]
[EventRounds "9"]
[EventCountry "POL"]
[SourceTitle "CBM 156 Extra"]
[Source "ChessBase"]
[SourceDate "2013.10.22"]
[SourceVersion "1"]
[SourceVersionDate "2013.10.22"]
[SourceQuality "1"]

1. Nf3 Nf6 2. c4 g6 3. g3 Bg7 4. Bg2 0-0 5. 0-0 c6 6. d4 d5 7. cxd5 cxd5 8. Nc3 Nc6 9. Ne5 Nxe5 10. dxe5 Nd7 11. Nxd5 Nxe5 12. Bg5 f6 13. Bf4 Qd6 14. Qb3 Kh8 15. Rad1 Rb8 16. Nc3 Qa6 17. Bxe5 fxe5 18. Qb5 Qe6 19. b3 b6 20. Qa4 a6 21. Rd3 b5 22. Qa5 Bb7 23. Bxb7 Rxb7 24. Ne4 Qc6 25. f3 h6 26. Rfd1 Kh7 27. Rc3 Qe8 28. Qxa6 Qb8 29. Rc2 Rb6 30. Qa5 g5 31. g4 Qb7 32. Qd2 Qa7 33. Kg2 Ra8 34. Qd7 Rb7 35. Qf5+ Kg8 36. Rc8+ Rxc8 37. Qxc8+ Kf7 38. Qf5+ Bf6 39. Nxf6 exf6 40. Rd6 Kg8 41. Qxf6 Rb8 42. Qxh6 1-0

[Event "Grunwald Cup 37 blind"]
[Site "Dadaj"]
[Date "2012.09.21"]
[Round "7"]
[White "Staruch, Roman"]
[Black "Jelen, Janusz"]
[Result "0-1"]
[WhiteElo "1945"]
[BlackElo "1977"]
[PlyCount "124"]
[EventDate "2012.09.16"]
[EventType "swiss"]
[EventRounds "9"]
[EventCountry "POL"]
[SourceTitle "CBM 150 Extra"]
[Source "ChessBase"]
[SourceDate "2012.10.19"]
[SourceVersion "1"]
[SourceVersionDate "2012.10.19"]
[SourceQuality "1"]

1. e4 e5 2. f4 exf4 3. Nf3 Be7 4. Bc4 Bh4+ 5. Kf1 Nh6 6. d4 Ng4 7. Qe2 0-0 8. Bxf4 d6 9. g3 Be7 10. Kg2 c6 11. h3 Nf6 12. Nbd2 Nh5 13. Be3 d5 14. Bd3 dxe4 15. Nxe4 f5 16. Bc4+ Kh8 17. Nfg5 Nxg3 18. Kxg3 fxe4 19. Nf7+ Rxf7 20. Bxf7 Bd6+ 21. Kg2 Qh4 22. Qf2 Qe7 23. Bb3 Be6 24. Bxe6 Qxe6 25. Rhf1 Qg6+ 26. Kh1 Nd7 27. Qg2 Qe8 28. Rg1 Qe7 29. Raf1 Nf6 30. Qg5 Re8 31. c4 b6 32. h4 Bb8 33. h5 Qd7 34. Qf5 Re6 35. h6 g6 36. Qg5 Kg8 37. Rg2 Bd6 38. Kg1 Be7 39. Qg3 Bd6 40. Qh3 Qe8 41. Qh4 Nd7 42. d5 cxd5 43. cxd5 Re7 44. Rgf2 Re5 45. Qf4 Rxd5 46. Qf7+ Qxf7 47. Rxf7 Be5 48. Bg5 Bd4+ 49. Kh1 Bxb2 50. Be7 Rh5+ 51. Kg2 Rxh6 52. Bg5 Rh5 53. Rxd7 Rxg5+ 54. Kh3 Be5 55. Rc1 Rg3+ 56. Kh4 g5+ 57. Kh5 Bg7 58. Rc8+ Bf8 59. Rcc7 e3 60. Rxh7 Rh3+ 61. Kg6 Rxh7 62. Rxh7 e2 0-1

[Event "Rowy op 09"]
[Site "Rowy"]
[Date "2012.09.??"]
[Round "1"]
[White "Krawczyk, Zbigniew"]
[Black "Jelen, Janusz"]
[Result "0-1"]
[WhiteElo "1702"]
[BlackElo "1991"]
[PlyCount "58"]
[EventDate "2012.09.??"]
[EventType "swiss"]
[EventRounds "9"]
[EventCountry "POL"]
[SourceTitle "EXT 2014"]
[Source "ChessBase"]
[SourceDate "2013.11.20"]
[SourceVersion "1"]
[SourceVersionDate "2013.11.20"]
[SourceQuality "1"]

1. c4 Nf6 2. Nc3 e6 3. e4 d5 4. cxd5 exd5 5. exd5 Nxd5 6. Nf3 Be7 7. d4 0-0 8. Bc4 Nb6 9. Bb3 Bg4 10. Be3 Nc6 11. 0-0 Bxf3 12. Qxf3 Nxd4 13. Bxd4 Qxd4 14. Rad1 Qf6 15. Qxb7 Bd6 16. Rd3 Qe5 17. g3 a5 18. Qe4 Qg5 19. h4 Qh6 20. a3 Nd7 21. Na4 Rae8 22. Qd4 Re7 23. Qd5 Re5 24. Qf3 Qg6 25. Rfd1 Rfe8 26. Qc6 R5e7 27. Rxd6 cxd6 28. Rxd6 Qg4 29. Qc4 Qh3 0-1

[Event "Rowy op 09"]
[Site "Rowy"]
[Date "2012.09.??"]
[Round "9"]
[White "Olszewski, Jerzy"]
[Black "Jelen, Janusz"]
[Result "1/2-1/2"]
[WhiteElo "1806"]
[BlackElo "1991"]
[PlyCount "29"]
[EventDate "2012.09.??"]
[EventType "swiss"]
[EventRounds "9"]
[EventCountry "POL"]
[SourceTitle "EXT 2014"]
[Source "ChessBase"]
[SourceDate "2013.11.20"]
[SourceVersion "1"]
[SourceVersionDate "2013.11.20"]
[SourceQuality "1"]

1. e4 e5 2. Nf3 Nc6 3. Bc4 Be7 4. Nc3 Nf6 5. d3 0-0 6. a3 d6 7. Bg5 Be6 8. Bxf6 Bxf6 9. Nd5 a6 10. 0-0 Bg4 11. h3 Bh5 12. c3 Na7 13. Qe2 c6 14. Ne3 Nc8 15. Nf5 1/2-1/2

[Event "Rowy op 08"]
[Site "Rowy"]
[Date "2012.08.25"]
[Round "9"]
[White "Jelen, Janusz"]
[Black "Borowski, Jaroslaw"]
[Result "0-1"]
[WhiteElo "1991"]
[BlackElo "1977"]
[PlyCount "84"]
[EventDate "2012.08.18"]
[EventType "swiss"]
[EventRounds "9"]
[EventCountry "POL"]
[SourceTitle "EXT 2014"]
[Source "ChessBase"]
[SourceDate "2013.11.20"]
[SourceVersion "1"]
[SourceVersionDate "2013.11.20"]
[SourceQuality "1"]

1. d4 Nf6 2. c4 g6 3. Nc3 Bg7 4. e4 d6 5. Be2 0-0 6. Bg5 Nc6 7. Qd2 e5 8. d5 Nd4 9. h4 h5 10. f3 Qe8 11. Nh3 Nh7 12. Be3 Qe7 13. Nf2 f5 14. g4 f4 15. Bxd4 exd4 16. Nb5 c5 17. gxh5 gxh5 18. 0-0-0 a6 19. Na3 Kh8 20. Rdg1 Bh6 21. Rg6 Rf6 22. Rg2 Bd7 23. Nd3 Rg8 24. Rxg8+ Kxg8 25. Rg1+ Kf8 26. Bf1 Ke8 27. Qh2 Kd8 28. Bh3 Nf8 29. Re1 Ng6 30. Bxd7 Kxd7 31. b4 Ne5 32. Nxe5+ dxe5 33. b5 Rg6 34. Qh3+ Kc7 35. Qf5 Qxh4 36. Qxe5+ Kb6 37. Rd1 Bg7 38. Qe8 Rg2 39. Qe6+ Ka5 40. Nb1 Rxa2 41. bxa6 d3 42. a7 Rc2# 0-1

[Event "Rowy op 08"]
[Site "Rowy"]
[Date "2012.08.24"]
[Round "8"]
[White "Rutkowski, Eugeniusz"]
[Black "Jelen, Janusz"]
[Result "0-1"]
[WhiteElo "1777"]
[BlackElo "1991"]
[PlyCount "86"]
[EventDate "2012.08.18"]
[EventType "swiss"]
[EventRounds "9"]
[EventCountry "POL"]
[SourceTitle "EXT 2014"]
[Source "ChessBase"]
[SourceDate "2013.11.20"]
[SourceVersion "1"]
[SourceVersionDate "2013.11.20"]
[SourceQuality "1"]

1. g3 e5 2. Bg2 d5 3. d3 f5 4. c4 d4 5. e4 c6 6. Ne2 fxe4 7. Bxe4 Nf6 8. Bg2 Bd6 9. Nd2 Bg4 10. h3 Bh5 11. Ne4 Nxe4 12. Bxe4 Nd7 13. 0-0 Nc5 14. g4 Bf7 15. Bg2 Bg6 16. f4 Nxd3 17. f5 Nxc1 18. Nxc1 Bf7 19. b3 0-0 20. Ne2 d3 21. Ng3 e4 22. Nxe4 Be5 23. Rb1 Qd4+ 24. Kh1 Rae8 25. Qd2 Bc7 26. Rfe1 Qe5 27. Kg1 Rd8 28. Rbd1 b5 29. cxb5 Qxb5 30. Nc3 Qc5+ 31. Kh1 Qd6 32. Kg1 Qd4+ 33. Kh1 Bf4 34. Qb2 Be5 35. Rxe5 Qxe5 36. Be4 Bd5 37. Bxd5+ Rxd5 38. Qd2 Rc5 39. Rc1 Rd8 40. Qg5 Re8 41. Qd2 Rxc3 42. Qxc3 Qxc3 43. Rxc3 d2 0-1

[Event "Rowy op 08"]
[Site "Rowy"]
[Date "2012.08.22"]
[Round "5"]
[White "Jelen, Janusz"]
[Black "Rutkowski, Bogdan"]
[Result "1-0"]
[WhiteElo "1991"]
[BlackElo "1786"]
[PlyCount "57"]
[EventDate "2012.08.18"]
[EventType "swiss"]
[EventRounds "9"]
[EventCountry "POL"]
[SourceTitle "EXT 2014"]
[Source "ChessBase"]
[SourceDate "2013.11.20"]
[SourceVersion "1"]
[SourceVersionDate "2013.11.20"]
[SourceQuality "1"]

1. d4 d5 2. c4 Nf6 3. Nc3 c6 4. f3 e6 5. e4 dxe4 6. fxe4 Bb4 7. Qd3 Bxc3+ 8. bxc3 0-0 9. Nf3 h6 10. Be2 Qc7 11. 0-0 Rd8 12. a4 Nbd7 13. Ba3 Nh5 14. g3 Nhf6 15. e5 Nh7 16. Bd6 Qa5 17. Bb4 Qc7 18. a5 c5 19. Ba3 Qxa5 20. Qe3 cxd4 21. cxd4 Qc7 22. Bd6 Qc6 23. Nd2 Nb6 24. Bf3 Qe8 25. Bc7 Nd7 26. Ne4 Ndf8 27. Bxd8 Qxd8 28. Nd6 Qc7 29. Rfb1 1-0

[Event "Rowy op 08"]
[Site "Rowy"]
[Date "2012.08.20"]
[Round "3"]
[White "Wielecki, Zygmunt"]
[Black "Jelen, Janusz"]
[Result "1-0"]
[WhiteElo "2282"]
[BlackElo "1991"]
[PlyCount "67"]
[EventDate "2012.08.18"]
[EventType "swiss"]
[EventRounds "9"]
[EventCountry "POL"]
[SourceTitle "EXT 2014"]
[Source "ChessBase"]
[SourceDate "2013.11.20"]
[SourceVersion "1"]
[SourceVersionDate "2013.11.20"]
[SourceQuality "1"]

1. e4 e5 2. Nf3 Nc6 3. Bb5 Nge7 4. c3 g6 5. 0-0 Bg7 6. d4 exd4 7. cxd4 d5 8. exd5 Nxd5 9. Re1+ Kf8 10. Nc3 Bg4 11. Be3 Qd6 12. h3 Bxf3 13. Qxf3 Nce7 14. Bc4 c6 15. Ne4 Qd7 16. g4 b6 17. Ng5 f6 18. Bd2 h6 19. Ne6+ Kg8 20. Re2 Kh7 21. Rae1 Rhe8 22. Nxg7 Kxg7 23. Re6 Ng8 24. Bxd5 cxd5 25. Rxe8 Rxe8 26. Rxe8 Qxe8 27. Qxd5 Qc8 28. Bc3 Ne7 29. Qd6 Kf7 30. d5 Ng8 31. a4 h5 32. Qf4 g5 33. Qe4 Kg7 34. gxh5 1-0

[Event "Krynica Cross-ch sf"]
[Site "Krynica"]
[Date "2012.03.??"]
[Round "1"]
[White "Jelen, Janusz"]
[Black "Barnowski, Sylwester"]
[Result "1-0"]
[WhiteElo "1989"]
[BlackElo "1843"]
[PlyCount "63"]
[EventDate "2012.03.??"]
[EventType "swiss"]
[EventRounds "9"]
[EventCountry "POL"]
[SourceTitle "EXT 2014"]
[Source "ChessBase"]
[SourceDate "2013.11.20"]
[SourceVersion "1"]
[SourceVersionDate "2013.11.20"]
[SourceQuality "1"]

1. d4 Nf6 2. c4 d5 3. Nc3 c6 4. f3 e6 5. e4 Be7 6. Be3 0-0 7. Bd3 dxc4 8. Bxc4 Qa5 9. Nge2 c5 10. 0-0 cxd4 11. Nxd4 e5 12. Nb3 Qc7 13. Qe2 Nbd7 14. Rac1 Qd8 15. Rfd1 Qe8 16. Nb5 Bd8 17. Nd6 Qe7 18. Nxc8 Rxc8 19. Bxf7+ Qxf7 20. Rxc8 Bb6 21. Rxf8+ Qxf8 22. Qc4+ Qf7 23. Qxf7+ Kxf7 24. Bxb6 Nxb6 25. Nc5 Nc4 26. Nxb7 Nxb2 27. Rd8 Ke7 28. Ra8 a6 29. Rxa6 Nc4 30. Rc6 Na3 31. Rc7+ Kf8 32. Nd6 1-0

[Event "Zabrze Mayor's Cup 34th"]
[Site "Zabrze"]
[Date "2011.09.29"]
[Round "9"]
[White "Mulet, Piotr"]
[Black "Jelen, Janusz"]
[Result "1-0"]
[WhiteElo "2284"]
[BlackElo "2013"]
[PlyCount "74"]
[EventDate "2011.09.23"]
[EventType "swiss"]
[EventRounds "10"]
[EventCountry "POL"]
[SourceTitle "CBM 144 Extra"]
[Source "ChessBase"]
[SourceDate "2011.10.28"]
[SourceVersion "1"]
[SourceVersionDate "2011.10.28"]
[SourceQuality "1"]

1. e4 c5 2. c3 d6 3. d4 Nf6 4. Bd3 Nc6 5. Nf3 e5 6. dxe5 Nxe5 7. Nxe5 dxe5 8. 0-0 Be7 9. a4 0-0 10. Na3 Be6 11. Qe2 Qc7 12. Bg5 h6 13. Bh4 a6 14. Bg3 Rac8 15. Nc4 Bxc4 16. Bxc4 Bd6 17. Rfd1 Qc6 18. Re1 Rfe8 19. b3 Bb8 20. Bh4 Rcd8 21. Bxf6 Qxf6 22. Bd5 Re7 23. Rad1 Rde8 24. Qc4 Ba7 25. Rd3 Rf8 26. Red1 Rb8 27. a5 Rf8 28. Rf3 Qg6 29. Rg3 Qh5 30. Rdd3 Qe2 31. Rxg7+ Kh8 32. Rdg3 Qe1+ 33. Qf1 Qd2 34. c4 Qxa5 35. Qc1 Qb6 36. R3g6 Qxg6 37. Rxg6 fxg6 1-0

[Event "Zabrze Mayor's Cup 34th"]
[Site "Zabrze"]
[Date "2011.09.24"]
[Round "3"]
[White "Czornik, Janusz"]
[Black "Jelen, Janusz"]
[Result "0-1"]
[WhiteElo "1838"]
[BlackElo "2013"]
[PlyCount "100"]
[EventDate "2011.09.23"]
[EventType "swiss"]
[EventRounds "10"]
[EventCountry "POL"]
[SourceTitle "CBM 144 Extra"]
[Source "ChessBase"]
[SourceDate "2011.10.28"]
[SourceVersion "1"]
[SourceVersionDate "2011.10.28"]
[SourceQuality "1"]

1. e4 e5 2. Nf3 Nc6 3. Bc4 Be7 4. c3 d6 5. Qe2 Nf6 6. h3 a6 7. Bb3 0-0 8. d3 Nd7 9. Nbd2 Nc5 10. Bd5 Ne6 11. Nf1 Nf4 12. Bxf4 exf4 13. Qd2 Ne5 14. 0-0-0 c6 15. Bb3 Be6 16. Qxf4 Bxb3 17. axb3 b5 18. Ne3 Ng6 19. Qg3 Re8 20. Nf5 Bf8 21. h4 Qf6 22. Qg5 Qe6 23. N3d4 Qd7 24. h5 Ne5 25. f4 f6 26. Qg3 Nf7 27. Nxg7 Bxg7 28. Nf5 Nh6 29. Nxh6+ Kh8 30. Nf5 Rg8 31. Qh4 Qe6 32. Nd4 Qf7 33. h6 Bf8 34. g4 c5 35. Nf5 Rg6 36. c4 a5 37. Kd2 bxc4 38. bxc4 Qb7 39. Rb1 a4 40. Qe1 Rb8 41. Ke3 Rxg4 42. Qc3 Qf7 43. b3 Qg6 44. bxa4 Re8 45. Kf3 Rg2 46. Rh4 Be7 47. Rbh1 Rg8 48. R1h3 Rg1 49. Qb2 Rf1+ 50. Ke3 Qg1+ 0-1

[Event "POL-ch sf blind"]
[Site "Zawoja Osrodek"]
[Date "2011.??.??"]
[Round "5"]
[White "Zoltek, Tadeusz"]
[Black "Jelen, Janusz"]
[Result "1-0"]
[WhiteElo "2147"]
[BlackElo "2043"]
[PlyCount "95"]
[EventDate "2011.??.??"]
[EventType "swiss"]
[EventRounds "9"]
[EventCountry "POL"]
[SourceTitle "EXT 2013"]
[Source "ChessBase"]
[SourceDate "2012.11.22"]
[SourceVersion "1"]
[SourceVersionDate "2012.11.22"]
[SourceQuality "1"]

1. Nf3 h6 2. d4 g5 3. e4 c5 4. c3 Qc7 5. Be3 d6 6. Nbd2 Bg7 7. Bc4 Bg4 8. dxc5 dxc5 9. Qb3 e5 10. Bd5 Bc8 11. Qc4 Bf8 12. b4 Na6 13. b5 Nb8 14. Nb3 g4 15. Nfd2 Nf6 16. Nxc5 Nxd5 17. Qxd5 Nd7 18. Nxd7 Bxd7 19. Qb3 Be6 20. c4 Rc8 21. 0-0 Bc5 22. a4 h5 23. Rfc1 0-0 24. Nf1 f5 25. exf5 Rxf5 26. Ng3 Rf7 27. Nxh5 Rcf8 28. Qd3 Bf5 29. Qe2 Bd4 30. Ra2 Qc5 31. Ng3 Bc8 32. Ne4 Qe7 33. Rd2 Qh4 34. g3 Qh5 35. h4 Qg6 36. Bxd4 exd4 37. Rxd4 Re7 38. c5 Rfe8 39. Qc4+ Be6 40. Qc3 Rf8 41. Ng5 Qf5 42. Rf4 Qd5 43. Rxf8+ Kxf8 44. Re1 Bg8 45. Qf6+ Qf7 46. Qxf7+ Rxf7 47. Nxf7 Bxf7 48. c6 1-0

[Event "Ramsowo Grunwald Cup 25th"]
[Site "Ramsowo"]
[Date "2010.09.28"]
[Round "7"]
[White "Zoltek, Tadeusz"]
[Black "Jelen, Janusz"]
[Result "1/2-1/2"]
[WhiteElo "2194"]
[BlackElo "2035"]
[PlyCount "88"]
[EventDate "2010.09.24"]
[EventType "swiss"]
[EventRounds "9"]
[EventCountry "POL"]
[SourceTitle "EXT 2011"]
[Source "ChessBase"]
[SourceDate "2010.11.26"]
[SourceVersion "1"]
[SourceVersionDate "2010.11.26"]
[SourceQuality "1"]

1. c4 e5 2. Nc3 Nf6 3. Nf3 Nc6 4. g3 Bb4 5. Bg2 0-0 6. 0-0 d5 7. cxd5 Nxd5 8. Nxe5 Nce7 9. Nxd5 Nxd5 10. Qb3 c6 11. e4 Bd6 12. Nc4 Nb6 13. Nxd6 Qxd6 14. Qc3 Be6 15. b3 Rad8 16. Bb2 f6 17. d4 Rfe8 18. f4 Qe7 19. Rae1 Qd7 20. f5 Bf7 21. g4 Qe7 22. Qg3 Nd7 23. h4 c5 24. e5 cxd4 25. e6 Ne5 26. Rxe5 fxe5 27. Qxe5 Bxe6 28. fxe6 Qxe6 29. Qxe6+ Rxe6 30. Rd1 d3 31. Bf1 Re4 32. Bxd3 Rxg4+ 33. Kh2 Rf8 34. Bc4+ Rxc4 35. bxc4 Rf2+ 36. Kg3 Rxb2 37. Rd7 a6 38. c5 a5 39. Kf4 h6 40. h5 Rc2 41. Rc7 a4 42. a3 Rb2 43. Ke4 Rb5 44. Kd4 Kf8 1/2-1/2